Welcome to the Holygrace Academy Library

Please use search bar below to get started

FOLLYTICCAL POTPOURRI (Record no. 2710)

MARC details
000 -LEADER
fixed length control field 00291nam a22001337a 4500
020 ## - INTERNATIONAL STANDARD BOOK NUMBER
ISBN 81-7167-970-6
082 ## - DEWEY DECIMAL CLASSIFICATION NUMBER
Classification number 823
Item number VIJ/F
100 ## - MAIN ENTRY--AUTHOR NAME
Personal name VIJAYAMON, D
245 ## - TITLE STATEMENT
Title FOLLYTICCAL POTPOURRI
260 ## - PUBLICATION, DISTRIBUTION, ETC. (IMPRINT)
Place of publication DELHI
Name of publisher RUPA & CO
300 ## - PHYSICAL DESCRIPTION
Number of Pages 60
650 ## - SUBJECT ADDED ENTRY--TOPICAL TERM
Topical Term ENGLISH SHORT STORY
Geographic subdivision DELHI
942 ## - ADDED ENTRY ELEMENTS (KOHA)
Koha item type Books
Holdings
Withdrawn status Lost status Collection code Home library Current library Shelving location Date acquired Source of acquisition Cost, normal purchase price Full call number Accession Number Koha item type
    Fiction Main Library Main Library SHELF 3- D- ENGLISH CHILDRENS LITERATURE &MYTHOLOGY 03/10/2035 PURCHASE 50.00 823 VIJ/F 03558 Books